Friends saison 1 - Statistiques

Statistiques générales
  • Ce quiz a été pris 291 fois
  • Le résultat moyen est 11 sur 24
Statistiques - réponses
Hint Réponse % Correct
Dans l'épisode 4, quel garçon finit à l'hôpital après s'être pris un palet dans le nez? Ross
91%
Dans l'épisode 5, avec qui Chandler a t il toutes les peines du monde à rompre? Janice
89%
Dans l'épisode 10, comment se prénomme le singe de Ross? Marcel
83%
Dans l'épisode 16, Joey a un coup de cœur pour Ursula. De qui est-elle la sœur? Phoebe
80%
Dans l'épisode 11, qui Nora, la mère de Chandler, embrasse-t-elle? Ross
80%
Dans l'épisode 23, quel prénom Ross, Carol et Susan donnent-ils à leur fils? Ben
76%
Dans l'épisode 19, qui Ross charge-t-il de garder Marcel? Rachel
71%
Dans l'épisode 3, que trouve Phoebe dans une canette de soda? Un pouce
65%
Dans l'épisode 24, dans pays Ross doit-il se rendre? Chine
63%
Dans l'épisode 21, qui se fait voler son identité? Monica
63%
Dans l'épisode 12, quel petit-ami de Rachel a un comportement déplacé avec Phoebe? Paolo
60%
Dans l'épisode 14, lors de son rendez-vous de Saint-Valentin sur qui Ross tombe-t-il? Carol
50%
Dans l'épisode 1, Monica a rendez-vous avec Paul mais quel est son métier? Sommelier
47%
Dans l'épisode 8, quel membre de leur famille perdent Ross et Monica? Leur grand-mère
45%
Dans l'épisode 18, à quel jeu la bande joue-t-elle? Poker
35%
Dans l'épisode 13, de qui Joey apprend-il l'infidélité? Son père
30%
Dans l'épisode 6, sur qui porte la comédie musicale de Joey? Freud
28%
Dans l'épisode 17, qui joue le rôle du docteur Mitchell? George Clooney
19%
Dans l'épisode 7, avec quel mannequin Chandler est il coincé lors de la coupure de courant? Jill Goodacre
17%
Dans l'épisode 22, Monica sort avec un lycéen, quel est son prénom? Ethan
15%
Dans l'épisode 2, Rachel doit rendre sa bague de fiançailles à son ex fiancé. Quel est son nom? Barry Farber
14%
Dans l'épisode 20, qui interprète le rôle de Mindy? Jennifer Grey
7%
Dans l'épisode 9, où Rachel doit elle rejoindre sa famille pour skier? A Vail
6%
Dans l'épisode 15, quel est le prénom du chef que reçoit Monica? Steve
2%
Aucun quiz correspondant
Distribution des résultats
% des personnes avec chaque résultat
Percentile par nombre de réponses
Votre historique - résultats
Vous n’avez pas pris ce quiz